| 000 | 00787nam a22002537a 4500 | ||
|---|---|---|---|
| 003 | URS | ||
| 005 | 20250429185014.0 | ||
| 008 | 190528b ||||| |||| 00| 0 eng d | ||
| 020 | _a9716420714 | ||
| 040 |
_bEnglish _cURS _erda |
||
| 050 | 0 | 0 |
_aDS668 _b.Z13 1999 |
| 100 |
_aZaide, Sonia M., _eauthor. |
||
| 245 |
_aThe Philippines : _ba unique nation / _cDr. Sonia M. Zaide. |
||
| 250 | _aSecond ed. | ||
| 260 |
_aQuezon City : _bAll Nations, _c©1994. |
||
| 300 |
_a478 pages ; _c23 cm |
||
| 336 |
_atext _btxt _2rdacontent |
||
| 337 |
_aunmediated _bn _2rdamedia |
||
| 338 |
_2volume _anc _brdacarrier |
||
| 504 | _aIncludes bibliographical references and index. | ||
| 650 | 0 |
_aPhilippines _xHistory. |
|
| 650 | 0 |
_aPhilippines _xPolitics and government _y1973-1986. |
|
| 942 |
_2lcc _cF |
||
| 999 |
_c10515 _d10515 |
||